<?xml version="1.0" encoding="UTF-8"?>
<record
    xmlns:xsi="http://www.w3.org/2001/XMLSchema-instance"
    xsi:schemaLocation="http://www.loc.gov/MARC21/slim http://www.loc.gov/standards/marcxml/schema/MARC21slim.xsd"
    xmlns="http://www.loc.gov/MARC21/slim">

  <leader>01266nam a2200253 i 4500</leader>
  <controlfield tag="001">154292</controlfield>
  <controlfield tag="003">ES-MaACL</controlfield>
  <controlfield tag="005">20250812113355.0</controlfield>
  <controlfield tag="008">931025s1796    sp af        |||| | spa d</controlfield>
  <datafield tag="100" ind1="0" ind2=" ">
    <subfield code="a">Gessner, Salomon.</subfield>
    <subfield code="9">56526</subfield>
  </datafield>
  <datafield tag="245" ind1="1" ind2="3">
    <subfield code="a">El primer navegante </subfield>
    <subfield code="b">: poema en dos cantos / </subfield>
    <subfield code="c">de Gesner.</subfield>
  </datafield>
  <datafield tag="260" ind1=" " ind2=" ">
    <subfield code="a">En Madrid : </subfield>
    <subfield code="b">en la imprenta de Sancha, </subfield>
    <subfield code="c">1796.</subfield>
  </datafield>
  <datafield tag="300" ind1=" " ind2=" ">
    <subfield code="a">70 p., [2] h. de grab. ; </subfield>
    <subfield code="c">8&#xBA; (15 cm)</subfield>
  </datafield>
  <datafield tag="594" ind1=" " ind2=" ">
    <subfield code="a">Seg&#xFA;n Palau, 101664 el traductor es M.A. Rodr&#xED;guez Fern&#xE1;ndez.</subfield>
  </datafield>
  <datafield tag="596" ind1=" " ind2=" ">
    <subfield code="a">Marca de imp. en port.</subfield>
  </datafield>
  <datafield tag="597" ind1=" " ind2=" ">
    <subfield code="a">Sign.: A-D8, E3.</subfield>
  </datafield>
  <datafield tag="599" ind1=" " ind2=" ">
    <subfield code="a">Las l&#xE1;minas son grabados calcogr&#xE1;ficos que ilustran los cantos: "Pr. Navegante Cto. I. M.R. fc." y "Pr. Navegante Cto. II. fonseca fc."</subfield>
  </datafield>
  <datafield tag="650" ind1=" " ind2="4">
    <subfield code="a">Poes&#xED;a pastoril alemana.</subfield>
    <subfield code="9">136732</subfield>
  </datafield>
  <datafield tag="700" ind1="1" ind2=" ">
    <subfield code="a">Rodr&#xED;guez Fern&#xE1;ndez, Manuel Antonio.</subfield>
    <subfield code="9">155036</subfield>
  </datafield>
  <datafield tag="700" ind1="1" ind2=" ">
    <subfield code="a">Fonseca, Jos&#xE9;, </subfield>
    <subfield code="d">fl. 1791-1807</subfield>
    <subfield code="9">145844</subfield>
  </datafield>
  <datafield tag="852" ind1=" " ind2=" ">
    <subfield code="a">ES-MaACL </subfield>
    <subfield code="j">R-1251(1)       </subfield>
    <subfield code="z">-- Enc. pasta espa&#xF1;ola       </subfield>
    <subfield code="z">-- Ex-libris ms. de Gustavo Saenz Diez, 1877       </subfield>
    <subfield code="x">-- Olim: G-10578       </subfield>
    <subfield code="x">-- Edic.: 70, [2] p. -- En pag. [1] consta: "Se hallar&#xE1;, con el mon&#xF3;logo l&#xED;rico, intitulado Hero y Leandro, en la librer&#xED;a de Quiroga ..."     </subfield>
    <subfield code="x"> Olim: G-10578</subfield>
  </datafield>
  <datafield tag="999" ind1=" " ind2=" ">
    <subfield code="c">154292</subfield>
    <subfield code="d">154292</subfield>
  </datafield>
  <datafield tag="952" ind1=" " ind2=" ">
    <subfield code="0">0</subfield>
    <subfield code="1">0</subfield>
    <subfield code="4">0</subfield>
    <subfield code="7">0</subfield>
    <subfield code="8">LIBXVIII</subfield>
    <subfield code="a">ATENEOM</subfield>
    <subfield code="b">ATENEOM</subfield>
    <subfield code="c">DEPO</subfield>
    <subfield code="d">2008-01-17</subfield>
    <subfield code="e">SSC</subfield>
    <subfield code="l">0</subfield>
    <subfield code="o">R-1251(1)</subfield>
    <subfield code="p">1161343</subfield>
    <subfield code="r">2023-02-23 00:00:00</subfield>
    <subfield code="w">2023-02-23</subfield>
    <subfield code="y">MONANT</subfield>
  </datafield>
</record>
